Statistics for Asia Capitals by Countries - Click Quiz

Click here to take the quiz!

General Stats

  • This quiz has been taken 133 times
    (114 since last reset)
  • The average score is 39 of 48

Answer Stats

HintAnswer% Correct
BeijingChina
100%
New DelhiIndia
100%
TokyoJapan
100%
SeoulSouth Korea
100%
JerusalemIsrael
98%
Singapore CitySingapore
98%
BangkokThailand
98%
Kuwait CityKuwait
96%
ManilaPhilippines
96%
RiyadhSaudi Arabia
96%
PyongyangNorth Korea
93%
Taipei CityTaiwan
93%
JakartaIndonesia
91%
TehranIran
91%
BaghdadIraq
91%
KathmanduNepal
91%
AnkaraTurkey
91%
HanoiVietnam
91%
Kuala LumpurMalaysia
89%
DhakaBangladesh
87%
Abu DhabiUnited Arab Emirates
87%
NicosiaCyprus
84%
IslamabadPakistan
84%
DamascusSyria
84%
KabulAfghanistan
82%
Phnom PenhCambodia
82%
Sri Jayawardenapura KotteSri Lanka
82%
BakuAzerbaijan
80%
TbilisiGeorgia
80%
BeirutLebanon
78%
UlaanbaatarMongolia
78%
MuscatOman
78%
DohaQatar
78%
Sana'aYemen
76%
YerevanArmenia
73%
AmmanJordan
73%
AstanaKazakhstan
73%
MaleMaldives
71%
ManamaBahrain
69%
ThimphuBhutan
69%
VientianeLaos
67%
Bandar Seri BegawanBrunei
64%
TashkentUzbekistan
64%
DiliEast Timor
62%
NaypyidawMyanmar
60%
AshgabatTurkmenistan
53%
BishkekKyrgyzstan
51%
DushanbeTajikistan
47%

Score Distribution

Percentile by Number Answered

Percent of People with Each Score

Your Score History

You have not taken this quiz since the last reset